[Event "AUTO-MASTER-2933"]
[Site "http://www.queenalice.com/game.php?id=1603475"]
[Date "2020.3.21"]
[Round "1"]
[White "Rafale2000"]
[Black "Driss"]
[Result "0-1"]
[WhiteElo "2005"]
[BlackElo "2096"]

1. e4 c5 2. Nf3 Nc6 3. d4 cxd4 4. Bc4 e6 5. Nxd4 Ne5 6. Bb3 Bc5 7. O-O b6 8. Be3
Ba6 9. Re1 Nf6 10. Nc3 Nfg4 11. f4 Qh4 12. h3 Qg3 13. hxg4 Nxg4 14. Ncb5 Qh2+
15. Kf1 Qh1+ 16. Ke2 Qxg2+ 17. Kd3 Bxb5+ 18. c4 Nxe3 19. Rxe3 Bxd4 20. Kxd4 Rc8
21. cxb5 Qxb2+ 0-1

[Event "AUTO-MASTER-2933"]
[Site "http://www.queenalice.com/game.php?id=1603476"]
[Date "2020.3.21"]
[Round "1"]
[White "Driss"]
[Black "seega"]
[Result "0-1"]
[WhiteElo "2123"]
[BlackElo "2256"]

1. e4 c5 2. Nf3 e6 3. c4 Nc6 4. Nc3 Nf6 5. Bd3 d6 6. O-O Be7 7. h3 O-O 8. a3 a6
9. Bc2 Nd4 10. Nxd4 cxd4 11. Ne2 e5 12. d3 Qc7 13. Ng3 b5 14. Nf5 Bxf5 15. exf5
bxc4 16. dxc4 Qxc4 17. Bd3 Qc6 18. f3 d5 19. b4 e4 20. fxe4 dxe4 21. Bc2 d3 22.
Ba4 Qb6+ 23. Kh1 Qd4 24. Bf4 e3 25. Qf3 e2 26. Rfe1 Bd6 27. Be3 Qe5 28. g3 Qxg3
29. Qxg3 Bxg3 30. Ra2 Bxe1 0-1

[Event "AUTO-MASTER-2933"]
[Site "http://www.queenalice.com/game.php?id=1603477"]
[Date "2020.3.21"]
[Round "1"]
[White "seega"]
[Black "Driss"]
[Result "1/2-1/2"]
[WhiteElo "2264"]
[BlackElo "2124"]

1. Nf3 Nf6 2. c4 b6 3. b3 d6 4. d4 Bf5 5. d5 Nbd7 6. Nc3 h6 7. Bb2 Nc5 8. Nd4
Bd7 9. f3 e5 10. dxe6 Nxe6 11. e4 Nxd4 12. Qxd4 c5 13. Qd2 Be7 14. Nd5 O-O 15.
Bd3 Nxd5 16. exd5 Bg5 17. f4 Re8+ 18. Kf2 Bf6 19. g3 Bxb2 20. Qxb2 Qc8 21. Rhe1
Qb7 22. Qd2 b5 23. cxb5 Bxb5 24. Bxb5 Qxb5 25. Rxe8+ Rxe8 26. Re1 Rxe1 27. Qxe1
Qb7 28. Qe8+ Kh7 29. Qe4+ Kg8 30. Qe8+ Kh7 31. Qe4+ Kg8 32. Qe8+ 1/2-1/2

[Event "AUTO-MASTER-2933"]
[Site "http://www.queenalice.com/game.php?id=1603478"]
[Date "2020.3.21"]
[Round "1"]
[White "Driss"]
[Black "pawnforme"]
[Result "1-0"]
[WhiteElo "2100"]
[BlackElo "2030"]

1. e4 c5 2. Nf3 Nc6 3. Be2 d6 4. Nc3 Nf6 5. O-O e6 6. Re1 Be7 7. d4 cxd4 8. Nxd4
O-O 9. Be3 a6 10. f4 Nxd4 11. Bxd4 Bd7 12. a4 d5 13. Bxf6 Bxf6 14. e5 Be7 15. b3
Rc8 16. Na2 Qc7 17. Bd3 f5 18. c3 Qc5+ 19. Kh1 Qf2 20. Rf1 Qb6 21. b4 Qd8 22. b5
axb5 23. axb5 b6 24. Qd2 Bc5 25. Nc1 Be7 26. Ne2 Rc5 27. Nd4 Qb8 28. Rfc1 Rfc8
29. Ra4 Qc7 30. c4 dxc4 31. Bxc4 Kf7 32. Nxf5 Kf8 33. Nd4 Rxc4 34. Raxc4 Qxc4
35. Rxc4 Bc5 36. h3 Kf7 37. Nc6 Ke8 38. Rxc5 bxc5 39. Qd6 c4 40. Qe7# 1-0

[Event "AUTO-MASTER-2933"]
[Site "http://www.queenalice.com/game.php?id=1603479"]
[Date "2020.3.21"]
[Round "1"]
[White "pawnforme"]
[Black "Driss"]
[Result "1/2-1/2"]
[WhiteElo "2000"]
[BlackElo "2127"]

1. d4 Nf6 2. e3 d5 3. Nf3 a6 4. Nbd2 Nc6 5. c4 e6 6. cxd5 exd5 7. a3 Bd6 8. Be2
O-O 9. O-O Ne7 10. b4 b5 11. Nb3 Ne4 12. Nc5 Nc3 13. Qc2 Nxe2+ 14. Qxe2 Bxc5 15.
bxc5 Bf5 16. Bb2 Be4 17. Nd2 Bg6 18. Rac1 c6 19. Nf3 h6 20. Qd2 a5 21. Rfe1 f6
22. Qc3 Rf7 23. Nd2 f5 24. Nf3 Rf6 25. Ne5 Bh5 26. Nd3 Ng6 27. f4 Nh4 28. Ne5
Qe8 29. Rc2 Ng6 30. Rf2 Nxe5 31. dxe5 Rg6 32. Qc1 b4 33. axb4 axb4 34. Bd4 b3
35. Qb2 Bf3 36. Rxf3 Ra2 37. Rf2 Rxb2 38. Rxb2 Qa8 39. Reb1 Qa6 40. Rxb3 Qe2 41.
R3b2 Qd3 42. Rf1 h5 43. Rf3 h4 44. h3 Rg3 45. Rbf2 Rg6 46. Rb2 Re6 47. Rff2 Kh7
48. Rbd2 Qb1+ 49. Kh2 Kh6 50. Rb2 Qd1 51. Rfd2 Qh5 52. Rf2 Qf7 53. Rf3 Rg6 54.
Rb6 Re6 55. Bc3 Qe7 56. Bd4 g5 57. fxg5+ Qxg5 58. Rb2 Re8 59. Rb6 Qg6 60. Rb2
Rg8 61. Rbf2 Rf8 62. Rb2 Kh5 63. Bc3 Rg8 64. Bd4 1/2-1/2

[Event "AUTO-MASTER-2934"]
[Site "http://www.queenalice.com/game.php?id=1603915"]
[Date "2020.3.23"]
[Round "1"]
[White "maurice91"]
[Black "Driss"]
[Result "0-1"]
[WhiteElo "1895"]
[BlackElo "2070"]

1. d4 Nf6 2. Bf4 e6 3. Nf3 d5 4. e3 Be7 5. h3 Nh5 6. Be5 f6 7. Bh2 g5 8. Nxg5
Ng7 9. Nf3 a6 10. Nbd2 Nc6 11. c3 Bd6 12. Bd3 Qe7 13. Qc2 f5 14. O-O-O e5 15.
dxe5 Nxe5 16. Nxe5 Bxe5 17. f4 Bf6 18. g4 fxg4 19. hxg4 Bxg4 20. Rdg1 Bd7 21. e4
O-O-O 22. e5 Bh4 23. f5 Qf8 24. e6 Bc6 25. Bxc7 Kxc7 26. Rxh4 Qf6 27. Rhg4 Nxe6
28. fxe6 Qxe6 29. Qb3 h5 30. Rg7+ Rd7 31. Rxd7+ Qxd7 32. Kc2 h4 33. Nf3 Qf7 34.
Be2 h3 35. Rh1 Qe8 36. Kd2 Qe4 37. Qc2 Qf4+ 38. Kd1 Kb8 39. Qg6 d4 40. Qg7 Re8
41. Rxh3 Qe3 42. Nxd4 Qxh3 43. Nxc6+ bxc6 44. Bxa6 Qf3+ 45. Kc2 Qf2+ 46. Kb3
Qb6+ 0-1

[Event "AUTO-MASTER-2934"]
[Site "http://www.queenalice.com/game.php?id=1603916"]
[Date "2020.3.23"]
[Round "1"]
[White "Driss"]
[Black "maurice91"]
[Result "1-0"]
[WhiteElo "2060"]
[BlackElo "1907"]

1. e4 c6 2. Nf3 g6 3. Bc4 d5 4. exd5 cxd5 5. Bb3 Bg7 6. c3 e5 7. d3 Nc6 8. O-O
Nf6 9. Re1 O-O 10. Bg5 Be6 11. Nxe5 h6 12. Bxf6 Bxf6 13. Nxg6 fxg6 14. Rxe6 Ne5
15. d4 Nc4 16. Qg4 Kg7 17. Bc2 Bg5 18. Rxg6+ Kh8 19. h4 Ne3 20. fxe3 Bxe3+ 21.
Kh2 Qc7+ 22. Kh3 Rf1 23. g3 Raf8 24. Bf5 R1xf5 25. Na3 Rf3 26. Rg1 Bxg1 27.
Rxh6+ Qh7 28. Rxh7+ Kxh7 29. Nb5 Bf2 30. Qh5+ Kg7 31. Qg5+ Kh7 32. Qh5+ Kg7 33.
Nd6 Rxg3+ 34. Kh2 Rg6 35. Nf5+ Kf6 36. Qf3 Bg1+ 37. Kh3 Ke6 38. Qe2+ Kf7 39. h5
Rg5 40. Qe7+ Kg8 41. Qxg5+ 1-0

[Event "AUTO-MASTER-2934"]
[Site "http://www.queenalice.com/game.php?id=1603927"]
[Date "2020.3.23"]
[Round "1"]
[White "rogervolei"]
[Black "Driss"]
[Result "0-1"]
[WhiteElo "1934"]
[BlackElo "2110"]

1. e3 c5 2. g3 Nf6 3. Bg2 e5 4. b3 d5 5. Bb2 e4 6. f3 Be7 7. fxe4 Bg4 8. Bf3
Bxf3 9. Qxf3 dxe4 10. Qf1 Nc6 11. Qc4 Qd6 12. Nc3 a6 13. Nxe4 Nxe4 14. Qxe4 f6
15. Nf3 Nb4 16. Bc3 O-O 17. Qxb7 Nxc2+ 18. Ke2 Nxa1 19. Rxa1 Qe6 20. Ng1 a5 21.
Qf3 a4 22. bxa4 Qc4+ 23. Kf2 Rxa4 24. a3 Qe6 25. Bb2 Rc4 26. Bc3 g5 27. a4 g4
28. Qe2 Ra8 29. a5 h5 30. Qd3 f5 31. Ne2 Bd6 32. Nf4 Bxf4 33. gxf4 Qe4 34. Qxe4
Rxe4 35. Kg3 Kf7 36. h4 Ke6 37. Ra3 Ra6 38. Kf2 Kd5 39. Ke2 Kc6 40. d3 Re8 41.
Bd2 Rb8 42. e4 fxe4 43. dxe4 Rb1 44. Rd3 Rh1 45. Be1 Ra8 46. f5 Re8 47. Ke3
Rxe1+ 48. Kf4 R1xe4+ 49. Kg5 Rg8+ 50. Kf6 g3 51. a6 g2 0-1

[Event "AUTO-MASTER-2934"]
[Site "http://www.queenalice.com/game.php?id=1603928"]
[Date "2020.3.23"]
[Round "1"]
[White "Driss"]
[Black "rogervolei"]
[Result "1-0"]
[WhiteElo "2079"]
[BlackElo "1934"]

1. e4 e6 2. Nf3 b6 3. Bc4 Bb7 4. Nc3 Bb4 5. d3 Bxc3+ 6. bxc3 h6 7. O-O d5 8.
exd5 Bxd5 9. Bxd5 Qxd5 10. Bb2 Nf6 11. c4 Qd8 12. Ne5 Qd6 13. Qf3 c6 14. Rfe1
O-O 15. d4 Nfd7 16. Red1 Nxe5 17. dxe5 Qb4 18. Ba3 Qxc4 19. Bxf8 Kxf8 20. Rd8+
Ke7 21. Qd1 1-0

[Event "AUTO-MASTER-2934"]
[Site "http://www.queenalice.com/game.php?id=1603933"]
[Date "2020.3.23"]
[Round "1"]
[White "grepovsky"]
[Black "Driss"]
[Result "1-0"]
[WhiteElo "1945"]
[BlackElo "2106"]

1. e4 c5 2. Nf3 Nc6 3. d4 d5 4. exd5 Qxd5 5. Nc3 Qe6+ 6. Be3 cxd4 7. Nxd4 Nxd4
8. Qxd4 Qd7 9. Bb5 Qxb5 10. Nxb5 Bd7 11. Nc7+ Kd8 12. O-O-O Nf6 13. Nxa8 e6 14.
Qxa7 Nd5 15. Qxb7 Bc8 16. Bb6+ Ke8 17. Qxc8+ Ke7 18. Qd8# 1-0

[Event "AUTO-MASTER-2934"]
[Site "http://www.queenalice.com/game.php?id=1603934"]
[Date "2020.3.23"]
[Round "1"]
[White "Driss"]
[Black "grepovsky"]
[Result "0-1"]
[WhiteElo "2073"]
[BlackElo "2139"]

1. e4 c5 2. Nf3 Nc6 3. Bc4 d6 4. O-O Nf6 5. Ng5 e6 6. Re1 h6 7. Nf3 Be7 8. a3 a6
9. b3 b5 10. Bd3 Bb7 11. Bb2 e5 12. c4 b4 13. Bc2 a5 14. d3 O-O 15. Nbd2 Ne8 16.
h3 Nc7 17. Nh2 Ne6 18. Ndf3 bxa3 19. Bxa3 Bc8 20. Ng4 Re8 21. Ne3 Bf8 22. Nd5 g6
23. Kh1 Bg7 24. Bb2 Rf8 25. Bc1 f5 26. exf5 gxf5 27. Ng1 Qe8 28. f4 Ned4 29. Nc7
Qd8 30. Nxa8 Bb7 31. Nf3 Bxa8 32. Bb2 exf4 33. Nxd4 Nxd4 34. Bxd4 Qh4 35. Re4
Bxd4 36. Rxa5 fxe4 37. dxe4 f3 38. Rxa8 fxg2+ 39. Kxg2 Rxa8 40. Qd2 Rf8 0-1

[Event "AUTO-MASTER-2939"]
[Site "http://www.queenalice.com/game.php?id=1605307"]
[Date "2020.4.1"]
[Round "1"]
[White "SAMOEL"]
[Black "Driss"]
[Result "0-1"]
[WhiteElo "1969"]
[BlackElo "2135"]

1. e4 e5 2. Nf3 Nf6 3. Nxe5 d6 4. Nf3 Nxe4 5. Qe2 Qe7 6. d3 Nf6 7. Bg5 Nbd7 8.
Nc3 h6 9. Bxf6 Qxe2+ 10. Bxe2 Nxf6 11. Nb5 Kd7 12. O-O a6 13. Nc3 b5 14. Nd4 Bb7
15. Bf3 Bxf3 16. Nxf3 c5 17. a3 g5 18. h3 Bg7 19. Rab1 Rhe8 20. Rfe1 Kc6 21. Na2
Nd5 22. g3 f5 23. c4 Nb6 24. Nd2 Na4 25. b3 Nb2 26. Re3 Rxe3 27. fxe3 Nxd3 28.
b4 Re8 29. cxb5+ axb5 30. bxc5 dxc5 31. Nf1 f4 32. exf4 Bd4+ 33. Kh1 Re2 34. Nc1
Re1 35. Kg2 Rxc1 36. Rxc1 Nxc1 37. Kf3 gxf4 38. Kxf4 c4 39. g4 c3 40. h4 Ne2+
41. Kf5 c2 42. g5 hxg5 43. hxg5 c1=Q 44. Nh2 Qf4+ 45. Kg6 Qxh2 46. Kf7 Qh7+ 47.
Kf8 Qg7+ 48. Ke8 Kd6 49. Kd8 Qd7# 0-1

[Event "AUTO-MASTER-2939"]
[Site "http://www.queenalice.com/game.php?id=1605308"]
[Date "2020.4.1"]
[Round "1"]
[White "Driss"]
[Black "SAMOEL"]
[Result "1-0"]
[WhiteElo "2128"]
[BlackElo "1970"]

1. e4 e5 2. Nf3 d6 3. h3 h6 4. Bc4 Nf6 5. Nc3 c6 6. O-O b5 7. Bb3 b4 8. Ne2 Nxe4
9. d3 Nf6 10. d4 e4 11. Nd2 d5 12. c4 a5 13. cxd5 cxd5 14. Nf4 Bb7 15. Re1 Be7
16. Ba4+ Bc6 17. Bc2 O-O 18. f3 Bd6 19. Nf1 Re8 20. fxe4 dxe4 21. d5 Bc5+ 22.
Be3 Bxe3+ 23. Nxe3 Bb5 24. Nf5 Nbd7 25. Bb3 Qb6+ 26. Kh1 e3 27. d6 e2 28. Nxe2
Ne4 29. Qd5 Nf2+ 30. Kh2 Ne5 31. Ne7+ Kh8 32. Qxe5 Rad8 33. Bxf7 Nd3 34. Ng6+
Kh7 35. Qf5 Qc5 36. Nf8+ Kh8 37. Qh7# 1-0

[Event "AUTO-MASTER-2939"]
[Site "http://www.queenalice.com/game.php?id=1605321"]
[Date "2020.4.1"]
[Round "1"]
[White "parapunzi"]
[Black "Driss"]
[Result "1-0"]
[WhiteElo "2187"]
[BlackElo "2089"]

1. e4 c5 2. c3 Nc6 3. d4 f6 4. Qh5+ g6 5. Qxc5 e6 6. Qb5 a6 7. Qd3 Nge7 8. f4 d6
9. Nf3 Bg7 10. Be2 Bd7 11. O-O Na7 12. a4 O-O 13. Be3 b5 14. axb5 Bxb5 15. c4
Bc6 16. d5 exd5 17. exd5 Bb7 18. Nd4 Qe8 19. Ne6 Nf5 20. Bf2 Rf7 21. Nc3 Bh6 22.
Qh3 Bc8 23. g4 Bxe6 24. dxe6 Qxe6 25. gxf5 gxf5 26. Qxh6 Rg7+ 27. Kh1 Qc8 28.
Bf3 Kh8 29. Rg1 1-0

[Event "AUTO-MASTER-2939"]
[Site "http://www.queenalice.com/game.php?id=1605322"]
[Date "2020.4.1"]
[Round "1"]
[White "Driss"]
[Black "parapunzi"]
[Result "0-1"]
[WhiteElo "2087"]
[BlackElo "2233"]

1. e4 c5 2. Nf3 e6 3. Nc3 a6 4. d3 Nc6 5. Be2 d5 6. exd5 exd5 7. O-O Nf6 8. Bg5
Be6 9. d4 h6 10. Be3 c4 11. a3 Bd6 12. Nd2 O-O 13. b3 b5 14. bxc4 bxc4 15. f4
Qa5 16. Ncb1 Ne7 17. Nf3 Nf5 18. Bd2 Qc7 19. Ne5 Nxd4 20. Bg4 Bxe5 21. Bxe6 Ne2+
22. Qxe2 Bxa1 23. Bf5 Rfe8 24. Qf3 d4 25. g4 Rad8 26. g5 d3 27. Qh3 Qc5+ 28. Kh1
Qd5+ 29. Rf3 hxg5 30. fxg5 Rb8 31. Bb4 Rxb4 32. axb4 Re1+ 33. Kg2 Bd4 34. Kg3
Rg1+ 35. Kh4 dxc2 36. Bxc2 Qxg5# 0-1

[Event "AUTO-MASTER-2939"]
[Site "http://www.queenalice.com/game.php?id=1605331"]
[Date "2020.4.1"]
[Round "1"]
[White "Driss"]
[Black "Artking"]
[Result "1-0"]
[WhiteElo "2115"]
[BlackElo "2031"]

1. d4 Nf6 2. Nc3 d6 3. e4 c6 4. h3 Nbd7 5. Bd3 e5 6. d5 c5 7. Nge2 a6 8. Ng3 Be7
9. Nf5 O-O 10. g4 g6 11. Bh6 Re8 12. Ng7 Qb6 13. Nxe8 Nxe8 14. h4 Ndf6 15. f3 c4
16. Bxc4 Qxb2 17. Kd2 Qb6 18. Be3 Qc7 19. h5 b5 20. Bb3 b4 21. Na4 Rb8 22. Qg1
Bd7 23. hxg6 fxg6 24. Rc1 Bxa4 25. Bxa4 Qc3+ 26. Kd1 Ng7 27. Qf2 Rc8 28. Bd2 Qa3
29. Bb3 Qa5 30. Qe1 Qb6 31. Bxb4 a5 32. Bxa5 Qd4+ 33. Bd2 h5 34. c3 Qd3 35. Qe2
Qxe2+ 36. Kxe2 hxg4 37. fxg4 Nxg4 38. Rhg1 Nf6 39. Bc2 Ngh5 40. Rxg6+ Kf7 41.
Rgg1 Nf4+ 42. Bxf4 exf4 43. Bd3 Nh5 44. c4 Ng3+ 45. Kf3 Ra8 46. Rc2 Ra3 47. Rd1
Bg5 48. Kg2 Ra8 49. Rb1 Ra7 50. Rb6 Be7 51. Rcb2 Ra3 52. R6b3 Ra8 53. Bb1 Rg8
54. Kf3 Nh5 55. Rg2 1-0

[Event "AUTO-MASTER-2939"]
[Site "http://www.queenalice.com/game.php?id=1605332"]
[Date "2020.4.1"]
[Round "1"]
[White "Artking"]
[Black "Driss"]
[Result "0-1"]
[WhiteElo "2208"]
[BlackElo "2077"]

1. e4 e5 2. Nf3 Nf6 3. Nxe5 d6 4. Nxf7 Kxf7 5. Bc4+ d5 6. Bb3 c6 7. Qf3 Bg4 8.
Qg3 Bd6 9. f4 Qe7 10. O-O Bc5+ 11. Kh1 Nxe4 0-1

[Event "manass2020"]
[Site "http://www.queenalice.com/game.php?id=1607901"]
[Date "2020.4.17"]
[Round "-"]
[White "Driss"]
[Black "igorjava"]
[Result "1-0"]
[WhiteElo "2118"]
[BlackElo "1973"]

1. e4 c5 2. Nf3 d6 3. Be2 Nf6 4. Nc3 e6 5. O-O Nc6 6. d4 cxd4 7. Nxd4 Be7 8. Kh1
e5 9. Nxc6 bxc6 10. f4 Bb7 11. fxe5 dxe5 12. Bd2 O-O 13. Qe1 Kh8 14. Rd1 Qc7 15.
Qg3 Rg8 16. Rf5 Bd6 17. Bg5 Qe7 18. Qh4 Rad8 19. Rxf6 Qc7 20. Rf5 f6 21. Rxf6
gxf6 22. Bxf6+ Rg7 23. Bxd8 1-0